[Event "La Florida CupT 23rd"]
[Site "La Florida"]
[Date "2023.07.15"]
[Round "1.2"]
[White "Jaramillo Lopez, Ali Aaron"]
[Black "Allen Leydenz, Christian Gabriel"]
[Result "1-0"]
[WhiteElo "2119"]
[BlackElo "1509"]
[PlyCount "119"]
[EventDate "2023.07.15"]
[EventType "team-swiss"]
[EventRounds "5"]
[EventCountry "VEN"]
[SourceTitle "EXT 2024"]
[Source "ChessBase"]
[SourceDate "2023.10.10"]
[SourceVersion "1"]
[SourceVersionDate "2023.10.10"]
[SourceQuality "1"]
[WhiteTeam "Peon de Oro"]
[BlackTeam "Hibrido Juvenil"]
[WhiteTeamCountry "VEN"]
[BlackTeamCountry "VEN"]

1. Nf3 Nf6 2. c4 e6 3. g3 d5 4. b3 c6 5. Bg2 b6 6. 0-0 Bb7 7. Bb2 Nbd7 8. Nc3 Bd6 9. d3 e5 10. cxd5 Nxd5 11. Nd2 0-0 12. Nc4 Bc7 13. Rc1 Rb8 14. d4 exd4 15. Nxd5 cxd5 16. Qxd4 Nf6 17. Ne3 Re8 18. Qd3 Be5 19. Bxe5 Rxe5 20. Qd4 Qe7 21. Rc2 Rd8 22. Rfc1 Ne8 23. Bf3 h6 24. Ng2 Rd7 25. Nf4 Nf6 26. Nd3 Re4 27. Qc3 Re6 28. Qd4 Re4 29. Qb2 Re6 30. Nf4 Re5 31. e3 Ba6 32. Rd2 Bb7 33. Rd4 Rd8 34. Rcd1 g5 35. Nd3 Re6 36. Nb4 a5 37. Nxd5 Bxd5 38. Bxd5 Rxd5 39. Rxd5 Nxd5 40. Rxd5 Kh7 41. Qc2+ Kg7 42. Qc3+ Kh7 43. Qd3+ Kg7 44. a4 Rf6 45. Qd4 Qe6 46. e4 Qc6 47. Rf5 Qe6 48. f4 gxf4 49. gxf4 h5 50. Kf2 Qc6 51. Qxf6+ Qxf6 52. Rxf6 Kxf6 53. h4 Ke6 54. Ke3 f5 55. e5 Kd5 56. Kd3 Kc5 57. Kc3 Kd5 58. b4 axb4+ 59. Kxb4 Ke4 60. e6 1-0

[Event "La Florida CupT 23rd"]
[Site "La Florida"]
[Date "2023.07.15"]
[Round "3.2"]
[White "Jaramillo Lopez, Ali Aaron"]
[Black "Sanchez Fleire, Axtlan Migher"]
[Result "1-0"]
[WhiteElo "2119"]
[BlackElo "2028"]
[PlyCount "45"]
[EventDate "2023.07.15"]
[EventType "team-swiss"]
[EventRounds "5"]
[EventCountry "VEN"]
[SourceTitle "EXT 2024"]
[Source "ChessBase"]
[SourceDate "2023.10.10"]
[SourceVersion "1"]
[SourceVersionDate "2023.10.10"]
[SourceQuality "1"]
[WhiteTeam "Peon de Oro"]
[BlackTeam "Simple Ches Regenerated"]
[WhiteTeamCountry "VEN"]
[BlackTeamCountry "VEN"]

1. c4 Nf6 2. Nf3 e6 3. g3 d5 4. Bg2 Be7 5. 0-0 0-0 6. b3 Ne4 7. Bb2 f5 8. d3 Bf6 9. Qc1 Nd6 10. Nc3 d4 11. Nb5 e5 12. b4 Nc6 13. Nxd6 cxd6 14. b5 Na5 15. Nd2 a6 16. Ba3 Be6 17. Bb4 axb5 18. cxb5 Qb6 19. a4 Bg5 20. Nc4 Nxc4 21. Qxg5 h6 22. Qe7 Rfe8 23. Qxb7 1-0

[Event "Valencia Vladio Memorial 10th"]
[Site "Valencia"]
[Date "2022.08.12"]
[Round "1"]
[White "Jaramillo Lopez, Ali Aaron"]
[Black "Melo Pareja, Diego Alberto"]
[Result "1-0"]
[WhiteElo "2047"]
[BlackElo "1658"]
[PlyCount "55"]
[EventDate "2022.08.12"]
[EventType "swiss"]
[EventRounds "9"]
[EventCountry "VEN"]
[SourceTitle "EXT 2023"]
[Source "ChessBase"]
[SourceDate "2022.10.05"]
[SourceVersion "1"]
[SourceVersionDate "2022.10.05"]
[SourceQuality "1"]

1. c4 c5 2. Nf3 g6 3. d4 cxd4 4. Nxd4 Bg7 5. e4 Nc6 6. Be3 Nf6 7. Nc3 0-0 8. Be2 d6 9. f3 a5 10. Ndb5 Be6 11. 0-0 Ne5 12. b3 Rc8 13. Rc1 Bd7 14. Qd2 Bc6 15. Rfd1 h5 16. Bh6 Bxh6 17. Qxh6 Qb6+ 18. Kh1 Rfe8 19. Qf4 Bxb5 20. Nxb5 a4 21. b4 Ned7 22. Bf1 Rc6 23. c5 e5 24. cxb6 exf4 25. Rxc6 bxc6 26. Nxd6 Rb8 27. b7 c5 28. e5 1-0

[Event "Caracas Gus Cup"]
[Site "Caracas"]
[Date "2022.07.30"]
[Round "8"]
[White "Jaramillo Lopez, Ali Aaron"]
[Black "Panitz Morales, Ralph Pedro"]
[Result "1-0"]
[WhiteElo "2072"]
[BlackElo "2038"]
[PlyCount "125"]
[EventDate "2022.07.27"]
[EventType "tourn"]
[EventRounds "9"]
[EventCountry "VEN"]
[SourceTitle "CBM 209 Extra"]
[Source "ChessBase"]
[SourceDate "2022.09.30"]
[SourceVersion "1"]
[SourceVersionDate "2022.09.30"]
[SourceQuality "1"]

1. c4 e5 2. Nc3 Nf6 3. Nf3 Nc6 4. e3 d6 5. d4 Bg4 6. Be2 Be7 7. 0-0 0-0 8. b3 a5 9. h3 Bf5 10. Bb2 h6 11. d5 Nb4 12. a3 Na6 13. Bd3 Qd7 14. e4 Bh7 15. Nd2 g5 16. g4 c6 17. Re1 Bd8 18. Qf3 Kg7 19. Na4 c5 20. Bc3 Bg6 21. Qe3 Rh8 22. f3 h5 23. Be2 Rh6 24. Nf1 hxg4 25. hxg4 Qe8 26. Ng3 Qh8 27. Bf1 Nd7 28. Re2 f6 29. Qd2 b6 30. Rh2 Rxh2 31. Qxh2 Qxh2+ 32. Kxh2 Bc7 33. Kg1 Rh8 34. Be1 Nf8 35. Nb2 Be8 36. b4 cxb4 37. axb4 Bg6 38. bxa5 bxa5 39. Bxa5 Bxa5 40. Rxa5 Nc5 41. Ra7+ Nfd7 42. Na4 Kh6 43. Nxc5 Nxc5 44. Rc7 Ra8 45. Be2 Ra4 46. Kf2 Ra2 47. Rc6 Ra6 48. Bd1 Kg7 49. Ke3 Kf8 50. Rxa6 Nxa6 51. Ba4 Ke7 52. Kd2 Nc5 53. Bc2 Kd8 54. Nf1 Kc7 55. Kc3 Kb6 56. Ng3 Nd7 57. Ba4 Nc5 58. Bd1 Nd7 59. Kb4 Nc5 60. Nh5 Nd7 61. Ba4 Bxh5 62. gxh5 Nf8 63. h6 1-0

[Event "Las Americas op U2400 Hybrid"]
[Site "Internet"]
[Date "2022.06.04"]
[Round "3.11"]
[White "Jaramillo Lopez, Ali Aaron"]
[Black "Cuello Camargo, Jose Javier"]
[Result "1-0"]
[WhiteElo "2087"]
[BlackElo "1694"]
[PlyCount "83"]
[EventDate "2022.06.04"]
[EventType "swiss"]
[EventRounds "6"]
[EventCountry "VEN"]
[SourceTitle "EXT 2024"]
[Source "ChessBase"]
[SourceDate "2023.10.10"]
[SourceVersion "1"]
[SourceVersionDate "2023.10.10"]
[SourceQuality "1"]

1. c4 c5 2. Nf3 Nf6 3. e3 g6 4. d4 cxd4 5. exd4 Bg7 6. Nc3 0-0 7. Bg5 d6 8. Qd2 Re8 9. Be2 Nbd7 10. 0-0 Nf8 11. Bh6 Bf5 12. Bxg7 Kxg7 13. Rad1 Ne4 14. Qe3 Nxc3 15. Qxc3 Kg8 16. d5 Bg4 17. Nd4 Bxe2 18. Nxe2 Qd7 19. Nd4 a6 20. Qb4 Rec8 21. b3 Rc7 22. a4 Rac8 23. h3 Qd8 24. Rfe1 Nd7 25. Re3 Nf6 26. Rde1 Rd7 27. Qd2 Rcc7 28. R3e2 Qf8 29. Re3 Qh6 30. Qe2 Kf8 31. Rf3 Kg8 32. g4 Qh4 33. Rg3 Nh5 34. Rf3 Nf6 35. Qe3 h6 36. Rg3 Nh7 37. f4 Kf8 38. g5 hxg5 39. fxg5 Ke8 40. Rg4 Qh5 41. Qg3 f5 42. gxf6 1-0

[Event "Las Americas op U2400 Hybrid"]
[Site "Internet"]
[Date "2022.06.04"]
[Round "1.14"]
[White "Jaramillo Lopez, Ali Aaron"]
[Black "Guerrero Cajeca, Matias Israel"]
[Result "1-0"]
[WhiteElo "2087"]
[BlackElo "1643"]
[PlyCount "109"]
[EventDate "2022.06.04"]
[EventType "swiss"]
[EventRounds "6"]
[EventCountry "VEN"]
[SourceTitle "EXT 2024"]
[Source "ChessBase"]
[SourceDate "2023.10.10"]
[SourceVersion "1"]
[SourceVersionDate "2023.10.10"]
[SourceQuality "1"]

1. c4 g6 2. d4 Bg7 3. Nf3 Nf6 4. g3 d6 5. Nc3 Nbd7 6. Bg2 0-0 7. 0-0 e5 8. e4 Re8 9. Re1 h6 10. h3 exd4 11. Nxd4 Nf8 12. b3 Ne6 13. Be3 Ng5 14. Bxg5 hxg5 15. g4 Nd7 16. Qd2 Nc5 17. Rad1 Ne6 18. Nf3 Nf4 19. Nd5 Nxd5 20. exd5 Rxe1+ 21. Rxe1 Bf6 22. Bf1 Bd7 23. Bd3 Kg7 24. Kg2 Qh8 25. Nxg5 Re8 26. Rxe8 Qxe8 27. Ne4 Ba1 28. Qg5 Qe5 29. Qxe5+ Bxe5 30. Nd2 b6 31. Nf3 Bf4 32. Ng1 Kf6 33. Ne2 Ke5 34. Kf3 Bd2 35. Kg3 g5 36. h4 gxh4+ 37. Kxh4 Bf4 38. Nxf4 Kxf4 39. g5 Bg4 40. Bh7 Bd7 41. Bg8 Be8 42. Kh5 a6 43. Kh6 b5 44. cxb5 axb5 45. Kg7 Kxg5 46. Bxf7 Bxf7 47. Kxf7 Kf5 48. a4 bxa4 49. bxa4 Ke5 50. a5 Kxd5 51. a6 Kc6 52. Ke6 d5 53. Ke5 Kb6 54. Kxd5 Kxa6 55. Kc6 1-0

[Event "Las Americas Team op U2400 Hybrid"]
[Site "Internet"]
[Date "2022.05.14"]
[Round "1.7"]
[White "Bowles, Andrew"]
[Black "Jaramillo Lopez, Ali Aaron"]
[Result "0-1"]
[WhiteElo "1570"]
[BlackElo "1915"]
[PlyCount "112"]
[EventDate "2022.05.14"]
[EventType "team-swiss"]
[EventRounds "5"]
[EventCountry "VEN"]
[SourceTitle "EXT 2023"]
[Source "ChessBase"]
[SourceDate "2022.10.05"]
[SourceVersion "1"]
[SourceVersionDate "2022.10.05"]
[SourceQuality "1"]

1. e4 c5 2. Nf3 Nc6 3. d4 cxd4 4. Nxd4 Nf6 5. Nc3 d6 6. Be2 g6 7. Be3 Bg7 8. 0-0 0-0 9. Nb3 Be6 10. f4 Qc8 11. Nd4 Nxd4 12. Bxd4 Nd7 13. Bxg7 Kxg7 14. Qd4+ f6 15. Rad1 Qc5 16. Rfe1 Qxd4+ 17. Rxd4 a6 18. Nd5 Bxd5 19. Rxd5 h5 20. c4 Rac8 21. b3 Rc5 22. Red1 Rxd5 23. Rxd5 Rc8 24. g3 Rc5 25. Kf2 Rc6 26. Ke3 e5 27. h3 Nf8 28. f5 Kh6 29. g4 h4 30. b4 Nh7 31. c5 dxc5 32. Rxc5 Rxc5 33. bxc5 Ng5 34. Bf1 Kg7 35. a4 Kf8 36. Kd3 gxf5 37. gxf5 Ke7 38. Bg2 Kd7 39. Kc4 Kc6 40. a5 Nh7 41. Bf1 Nf8 42. Kb4 Nd7 43. Bc4 Nxc5 44. Bd5+ Kd6 45. Kc4 b6 46. axb6 Nd7 47. b7 Nb6+ 48. Kb3 Kc7 49. b8Q+ Kxb8 50. Bc6 Kc7 51. Be8 a5 52. Kc3 Kd6 53. Bb5 Kc5 54. Be8 Nc4 55. Bf7 Nd6 56. Bb3 Nxe4+ 0-1

[Event "Carabobo-chT"]
[Site "Valencia"]
[Date "2020.03.07"]
[Round "2.1"]
[White "Jaramillo Lopez, Ali Aaron"]
[Black "Blanco Da Silva, Cristofer R"]
[Result "1-0"]
[WhiteElo "1681"]
[BlackElo "2087"]
[PlyCount "91"]
[EventDate "2020.03.07"]
[EventType "team-swiss"]
[EventRounds "6"]
[EventCountry "VEN"]
[SourceTitle "EXT 2021"]
[Source "ChessBase"]
[SourceDate "2020.10.23"]
[SourceVersion "1"]
[SourceVersionDate "2020.10.23"]
[SourceQuality "1"]

1. f4 Nf6 2. Nf3 g6 3. b3 Bg7 4. Bb2 0-0 5. e3 b6 6. Be2 Ba6 7. 0-0 d6 8. a4 Re8 9. a5 Bxe2 10. Qxe2 Nbd7 11. Na3 Nc5 12. h3 bxa5 13. Nc4 a4 14. b4 Nce4 15. Qe1 d5 16. Nce5 a5 17. d3 Nd6 18. bxa5 c5 19. Rxa4 Qb8 20. Qa1 Nf5 21. Re1 Qb5 22. Qa2 Reb8 23. Ba1 e6 24. g4 Nd6 25. Nd2 Qa6 26. Nb3 c4 27. Nc5 Qb5 28. Bd4 cxd3 29. cxd3 Nfe8 30. Re2 Qb1+ 31. Kg2 Qd1 32. Qc2 Qxc2 33. Rxc2 Nb5 34. Ba1 Ned6 35. Nc6 Re8 36. Bxg7 Kxg7 37. a6 Na7 38. Nd7 Rac8 39. Nd4 Rxc2+ 40. Nxc2 Rd8 41. Nc5 Rc8 42. d4 Ne4 43. Ra5 Nc6 44. Rb5 Na7 45. Rb7 Nxc5 46. dxc5 1-0

[Event "VEN-ch U20"]
[Site "Maracay"]
[Date "2018.05.31"]
[Round "5"]
[White "Jaramillo Lopez, Ali Aaron"]
[Black "Blanco Da Silva, Cristofer R"]
[Result "0-1"]
[WhiteElo "1613"]
[BlackElo "2016"]
[PlyCount "46"]
[EventDate "2018.05.31"]
[EventType "swiss"]
[EventRounds "7"]
[EventCountry "VEN"]
[SourceTitle "EXT 2019"]
[Source "ChessBase"]
[SourceDate "2018.10.10"]
[SourceVersion "1"]
[SourceVersionDate "2018.10.10"]
[SourceQuality "1"]

1. Nf3 Nf6 2. g3 g6 3. Bg2 Bg7 4. 0-0 0-0 5. d3 d6 6. c3 e5 7. Qa4 Re8 8. Qh4 Nbd7 9. Bh6 Bh8 10. Nbd2 Nc5 11. Bg5 Bg7 12. Nb3 Ne6 13. Bh6 Ng4 14. Bxg7 Qxh4 15. Nxh4 Kxg7 16. h3 Nf6 17. e3 Nd7 18. d4 e4 19. Bxe4 Nxd4 20. cxd4 Rxe4 21. Kg2 Nc5 22. Nf3 Bd7 23. Nfd2 Re7 0-1